Globalización y cultura /

El objetivo de esta obra es leer la globalización desde una dimensión cultural y poner de manifiesto cómo se implican ambos fenómenos y qué consecuencias tiene ello para la construcción de unas sociedades cada vez más híbridas y más mediadas por las nuevas tecnologías comunicativas.

Guardado en:
Detalles Bibliográficos
Autor principal: Tomlinson, John (autor)
Formato: Libro
Idioma:Español
Publicado: México : Oxford University, 2001, c2001
Temas:
Etiquetas: Agrega una etiqueta
Sin etiquetas, Sé el primero en etiquetar este registro!

MARC

LEADER 00000nam^a2200000^a^4500
001 000124601
005 20250521000000.0
009 20260310094621.703
020 |a 970-613-580-4 
037 |a Acervo ITESO - Biblioteca 
041 |a ESP 
082 |a 149. 97  |b TOM 
100 |a Tomlinson, John  |e (autor) 
245 1 0 |a Globalización y cultura /  |c J. Tomlinson ; tr. por Fernando Martínez Valdés. 
264 4 |a México :  |b Oxford University,  |c 2001, c2001 
300 |a 264 p. 
336 |a texto  |b txt  |2 rdacontenido 
337 |a sin mediación  |b n  |2 rdamedio 
338 |a volumen  |b nc  |2 rdasoporte 
500 |a Traducción de: Globalization and Culture 
520 |a El objetivo de esta obra es leer la globalización desde una dimensión cultural y poner de manifiesto cómo se implican ambos fenómenos y qué consecuencias tiene ello para la construcción de unas sociedades cada vez más híbridas y más mediadas por las nuevas tecnologías comunicativas. 
649 |a XX 
650 |a Sociedad Postindustrial 
650 |a Identidad Cultural 
650 |a Cultura 
650 |a Globalización 
650 |a Medios de Comunicación 
650 |a Tecnologías de Comunicación e Información 
650 |a Mediación de la Comunicación 
650 |a Comunicación Masiva 
650 |a Modernidad y Posmodernidad 
650 |a Sociología de la Cultura 
650 |a Filosofía del Siglo XX 
910 |a Fondo General 
920 |a Impresos - Libros 
930 |a Colección General 
905 |a 101 
901 |a 0500057899  |b IT1  |c ACC  |u 20250521 
902 |a https://opac.biblio.iteso.mx/vufind/Record/000124601